00551nam a2200205Ia 4500003000400000005001700004008004100021020002200062040000700084041000800091082001700099100001700116245006400133260004800197300001300245365001300258440004000271650002100311650001300332OSt20230509141124.0210423s2010 xx 000 0 und d a978-0-521-18994-1 cAL aeng a428.072 BURC aANNE (Burns) aCollaborative action research for english language teachers aNew DelhibCambridge University Pressc2010 a259pbPB b325cINR aCambridge Language Teaching Library aEnglish Language aLanguage